<?xml version="1.0" encoding="UTF-8"?>
<collection xmlns:xsi="http://www.w3.org/2001/XMLSchema-instance" xsi:schemaLocation="http://www.loc.gov/MARC21/slim http://www.loc.gov/standards/marcxml/schema/MARC21slim.xsd" xmlns="http://www.loc.gov/MARC21/slim">
 <record>
  <leader>00000nam a22000004a 4500</leader>
  <controlfield tag="001">UP-1685954869149593134</controlfield>
  <controlfield tag="003">Buklod</controlfield>
  <controlfield tag="005">20240309133545.0</controlfield>
  <controlfield tag="006">m    |o  d |      </controlfield>
  <controlfield tag="007">cr |||||||||||</controlfield>
  <controlfield tag="008">240309s2019    xxu    gr    |||| u|eng d</controlfield>
  <datafield tag="020" ind1=" " ind2=" ">
   <subfield code="a">9781138938205 (paperback)</subfield>
  </datafield>
  <datafield tag="037" ind1=" " ind2=" ">
   <subfield code="a">SS-12364</subfield>
   <subfield code="b">Forefront</subfield>
   <subfield code="c">Php3,117.00</subfield>
   <subfield code="n">Department of Philosophy</subfield>
  </datafield>
  <datafield tag="040" ind1=" " ind2=" ">
   <subfield code="a">DMLS</subfield>
   <subfield code="e">rda</subfield>
  </datafield>
  <datafield tag="041" ind1=" " ind2=" ">
   <subfield code="a">eng</subfield>
  </datafield>
  <datafield tag="042" ind1=" " ind2=" ">
   <subfield code="a">DMLUC</subfield>
  </datafield>
  <datafield tag="090" ind1=" " ind2=" ">
   <subfield code="a">BJ 1012</subfield>
   <subfield code="b">F37 2019</subfield>
  </datafield>
  <datafield tag="100" ind1="1" ind2=" ">
   <subfield code="a">Falzon, Christopher</subfield>
   <subfield code="d">1957- </subfield>
   <subfield code="e">author.</subfield>
  </datafield>
  <datafield tag="245" ind1="1" ind2="0">
   <subfield code="a">Ethics goes to the movies</subfield>
   <subfield code="b">an introduction to moral philosophy</subfield>
   <subfield code="c">Christopher Falzon.</subfield>
  </datafield>
  <datafield tag="264" ind1=" " ind2="1">
   <subfield code="a">New York</subfield>
   <subfield code="b">Routledge</subfield>
   <subfield code="c">2019.</subfield>
  </datafield>
  <datafield tag="300" ind1=" " ind2=" ">
   <subfield code="a">vi, 307 pages</subfield>
   <subfield code="b">illustrations</subfield>
   <subfield code="c">23 cm</subfield>
  </datafield>
  <datafield tag="336" ind1=" " ind2=" ">
   <subfield code="a">text</subfield>
   <subfield code="2">rdacontent</subfield>
  </datafield>
  <datafield tag="337" ind1=" " ind2=" ">
   <subfield code="a">unmediated</subfield>
   <subfield code="2">rdamedia</subfield>
  </datafield>
  <datafield tag="338" ind1=" " ind2=" ">
   <subfield code="a">volume</subfield>
   <subfield code="2">rdacarrier</subfield>
  </datafield>
  <datafield tag="504" ind1=" " ind2=" ">
   <subfield code="a">Includes bibliographical references (pages 288-299) and index.</subfield>
  </datafield>
  <datafield tag="505" ind1="0" ind2=" ">
   <subfield code="a">Introduction: rear window ethics -- Excess and obsession: ancient ethics -- Sin and self-denial: religious ethics -- Pleasure, happiness and rights: enlightenment ethics -- Personhood and autonomy: Kantian ethics -- Slaves, supermen and -- authentic selves: existential ethics -- Encounters with aliens: ethics and the other.</subfield>
  </datafield>
  <datafield tag="520" ind1=" " ind2=" ">
   <subfield code="a">Movies hold a mirror up to us, portraying the complexities of human reality through their characters and stories. And they vividly illustrate moral theories that address questions about how we are to live and what sort of people we ought to be. In this book, Christopher Falzon uses movies to provide a rich survey of moral positions as they have emerged through history. These include the ethics of the ancient world, medieval ethics, Enlightenment and Kantian ethics, existentialist ethics and the ethics of the other. Each theory is explained in detail, using a number of examples from the book's wide selection of movies. The discussion draws on a range of recent and not-so-recent films, from Hollywood blockbusters to art-house cinema. 0In addition to covering thinkers one would expect in an introduction to ethics (e.g., Plato, Aristotle, Kant), the book discusses less canonical figures in detail as well (e.g., Marcuse, Foucault, Habermas). Similarly, the book examines both major ethical theories (e.g., Kantianism, utilitarianism, virtue ethics) and theories too often glossed over in introductory texts (e.g. Stoicism, Epicureanism, Habermas's discourse ethics and Nietzschean ethics). A wide range of movies are discussed, from Hollywood blockbusters and classics like The Dark Knight, Casablanca and Dirty Harry to lesser known films, like Force Majeure and Under the Skin. Atthe end of each chapter a focus on two feature films is included, with a plot summary and interpretations of several key scenes with a time marker indicating when in the film the scenes occur. A Filmography includes all movies discussed in the book and a Glossary covers key philosophical terms and figures.</subfield>
  </datafield>
  <datafield tag="650" ind1=" " ind2="0">
   <subfield code="a">Ethics. </subfield>
  </datafield>
  <datafield tag="650" ind1=" " ind2="0">
   <subfield code="a">Ethics in motion pictures. </subfield>
  </datafield>
  <datafield tag="650" ind1=" " ind2="0">
   <subfield code="a">Motion pictures </subfield>
   <subfield code="x">Moral and ethical aspects.</subfield>
  </datafield>
  <datafield tag="905" ind1=" " ind2=" ">
   <subfield code="a">FO</subfield>
  </datafield>
  <datafield tag="852" ind1="0" ind2=" ">
   <subfield code="a">UPD</subfield>
   <subfield code="b">DMLS</subfield>
   <subfield code="h">BJ 1012</subfield>
   <subfield code="i">F37 2019</subfield>
  </datafield>
  <datafield tag="942" ind1=" " ind2=" ">
   <subfield code="a">Book</subfield>
  </datafield>
 </record>
</collection>
